Teaching Food Technology through Information and Communication Technology (ICT) : teachers and students perspective in all Trade Schools in Cavite / (Record no. 4062)
[ view plain ]
| 000 -LEADER | |
|---|---|
| fixed length control field | 01615nam a22003257a 4500 |
| 003 - CONTROL NUMBER IDENTIFIER | |
| control field | OSt |
| 005 - DATE AND TIME OF LATEST TRANSACTION | |
| control field | 20250920023227.0 |
| 008 - FIXED-LENGTH DATA ELEMENTS--GENERAL INFORMATION | |
| fixed length control field | 250402b ||||| |||| 00| 0 eng d |
| 040 ## - CATALOGING SOURCE | |
| Language of cataloging | English. |
| Transcribing agency | CvSU-CCAT Campus Library. |
| Description conventions | rda. |
| 050 ## - LIBRARY OF CONGRESS CALL NUMBER | |
| Classification number | UM TX 355.P5 |
| Item number | A54 2018 |
| 100 ## - MAIN ENTRY--PERSONAL NAME | |
| Personal name | Angon, Keesha Mae D., author. |
| 9 (RLIN) | 15833 |
| 245 ## - TITLE STATEMENT | |
| Title | Teaching Food Technology through Information and Communication Technology (ICT) : teachers and students perspective in all Trade Schools in Cavite / |
| Statement of responsibility, etc. | Keeshia Mae D. Angon, Virna Rose P. Radores and Gerlyn V. Seno. |
| 260 ## - PUBLICATION, DISTRIBUTION, ETC. | |
| Place of publication, distribution, etc. | Rosario, Cavite : |
| Name of publisher, distributor, etc. | Cavite State University-CCAT Campus, |
| Date of publication, distribution, etc. | 2018. |
| 300 ## - PHYSICAL DESCRIPTION | |
| Extent | xiii, 68 leaves : |
| Other physical details | illustrations ; |
| Dimensions | 28 cm |
| 500 ## - GENERAL NOTE | |
| General note | Undergraduate Thesis (BSIE) -- Cavite State University-CCAT Campus, 2018. |
| 504 ## - BIBLIOGRAPHY, ETC. NOTE | |
| Bibliography, etc. note | Includes bibliographical references and appendices. |
| 546 ## - LANGUAGE NOTE | |
| Language note | In English text |
| 650 ## - SUBJECT ADDED ENTRY--TOPICAL TERM | |
| Topical term or geographic name entry element | Food technology -- Study and teaching -- Philippines. |
| 9 (RLIN) | 16966 |
| 650 ## - SUBJECT ADDED ENTRY--TOPICAL TERM | |
| Topical term or geographic name entry element | Educational technology -- Cavite, Philippines. |
| 9 (RLIN) | 16967 |
| 650 ## - SUBJECT ADDED ENTRY--TOPICAL TERM | |
| Topical term or geographic name entry element | Information technology -- Educational applications -- Philippines. |
| 9 (RLIN) | 16968 |
| 650 ## - SUBJECT ADDED ENTRY--TOPICAL TERM | |
| Topical term or geographic name entry element | Technical education -- Cavite, Philippines. |
| 9 (RLIN) | 16969 |
| 650 ## - SUBJECT ADDED ENTRY--TOPICAL TERM | |
| Topical term or geographic name entry element | Teachers -- Attitudes -- Philippines. |
| 9 (RLIN) | 16970 |
| 650 ## - SUBJECT ADDED ENTRY--TOPICAL TERM | |
| Topical term or geographic name entry element | Students -- Attitudes -- Philippines. |
| 9 (RLIN) | 16971 |
| 700 ## - ADDED ENTRY--PERSONAL NAME | |
| Personal name | Radores, Virna Rose P, author. |
| 9 (RLIN) | 15834 |
| 700 ## - ADDED ENTRY--PERSONAL NAME | |
| Personal name | Seno, Gerlyn V., author. |
| 9 (RLIN) | 15835 |
| 700 ## - ADDED ENTRY--PERSONAL NAME | |
| Personal name | Luseco, Marilou P., adviser. |
| 9 (RLIN) | 9989 |
| 700 ## - ADDED ENTRY--PERSONAL NAME | |
| Personal name | Lisondra, Remedios G., technical critic. |
| 9 (RLIN) | 9990 |
| 942 ## - ADDED ENTRY ELEMENTS (KOHA) | |
| Koha item type | Thesis/Manuscripts/Dissertations |
| Classification part | TX 355.P5 A54 2018 |
| Call number prefix | UM |
| Source of classification or shelving scheme | Library of Congress Classification |
| Withdrawn status | Lost status | Source of classification or shelving scheme | Damaged status | Not for loan | Collection code | Home library | Current library | Shelving location | Date acquired | Coded location qualifier | Full call number | Barcode | Date last seen | Copy number | Price effective from | Koha item type |
|---|---|---|---|---|---|---|---|---|---|---|---|---|---|---|---|---|
| Library of Congress Classification | Thesis/Manuscript/Dissertation | Cavite State University - CCAT Campus | Cavite State University - CCAT Campus | TH | 10/17/2018 | UM | UM TX 355.P5 A54 2018 | T0004244 | 10/24/2025 | 1 | 04/02/2025 | Thesis/Manuscripts/Dissertations |
